Szczegóły MARC21

Biografische Selbstvergewisserung im Comic : Absturz und Aufbruch inklusive /

003 -Nazwa inst., której nr kontr. jest w polu 001 [,]
    • @
    • Nazwa instytucji, której n kontrolny jest w polu 001
    • NUKAT
005 -DATA I CZAS OSTATNIEJ MODYFIKACJI [,]
    • @
    • pole kontrolne
    • 20260106010345.0
020 -Międzynarod. znormalizowany nr książki - ISBN [ , ]
    • a
    • Numer ISBN
    • 9783732911974 Find
    • q
    • Dopowiedzenie
    • (miękka okładka)
020 -Międzynarod. znormalizowany nr książki - ISBN [ , ]
    • a
    • Numer ISBN
    • 9783732987184 Find
    • q
    • Dopowiedzenie
    • (E-Book)
040 -Instytucja sporządzająca opis [ , ]
    • a
    • Instytucja, która sporządziła opis (NP)
    • SZCZ U/AP
    • b
    • Język katalogowania
    • pol
    • e
    • Zasady katalogowania
    • rda
    • c
    • Instytucja, która sporządziła rekord (NP)
    • SZCZ U/APs
942 -Rodzaj dokumentu [ , ]
    • c
    • Rodzaj dokumentu
    • Książka
100 -Hasło główne - nazwa osobowa [1, ]
    • a
    • Nazwa osobowa (NP)
    • Jödecke, Manfred
    • d
    • Daty biograficzne (NP)
    • (1956- ).
    • e
    • Rodzaj współpracy
    • Autor
    • 9
    • KHW
    • 737604
245 -Strefa tytułu i oznaczenia odpowiedzialności [1,0]
    • a
    • Tytuł
    • Biografische Selbstvergewisserung im Comic : Find
    • b
    • Ciąg dalszy tytułu (NP)
    • Absturz und Aufbruch inklusive / Find
    • c
    • Pozostałe elementy strefy tytułu i oznaczenia odpowiedzialności (NP)
    • Manfred Jödecke.
260 -Strefa adresu wydawniczego [ , ]
    • a
    • Miejsce wydania (P)
    • Berlin :
    • b
    • Nazwa wydawcy (P)
    • Frank & Timme für Wissenschaftliche Literatur,
    • c
    • Data wydania (P)
    • © 2025.
300 -Strefa opisu fizycznego [ , ]
    • a
    • Określenie formy książki i/lub objętość (NP)
    • 240 stron ;
    • c
    • Format (NP)
    • 22 cm.
336 -Typ zawartości [ , ]
    • a
    • Termin opisujący typ zawartości
    • Tekst
    • b
    • Kod określający zawartość
    • txt
    • 2
    • Źródło (terminu i kodu)
    • rdacontent
337 -Typ mediów [ , ]
    • a
    • Tryb odtwarzania
    • Bez urządzenia pośredniczącego
    • b
    • Kod typu mediów
    • n
    • 2
    • Źródło (terminu i kodu)
    • rdamedia
338 -Typ/rodzaj nośnika [ , ]
    • a
    • Hasło opisujące typ nośnika
    • Wolumin
    • b
    • Kod typu nośnika
    • nc
    • 2
    • Źródło (terminu i kodu)
    • rdacarrier
504 -Uwaga dot. bibliogr. załącznikowej [ , ]
    • a
    • Uwaga dot. bibliografii załącznikowej
    • Bibliografia na stronach 233-240.
650 -Hasło przedmiotowe [ ,7]
    • a
    • Hasło przedmiotowe
    • Komiksy.
    • 2
    • Źródło terminu
    • kaba
    • 9
    • KHW
    • 191852
650 -Hasło przedmiotowe [ ,7]
    • a
    • Hasło przedmiotowe
    • Powieść graficzna.
    • 2
    • Źródło terminu
    • kaba
    • 9
    • KHW
    • 194469
650 -Hasło przedmiotowe [ ,7]
    • a
    • Hasło przedmiotowe
    • Biblioterapia.
    • 2
    • Źródło terminu
    • kaba
    • 9
    • KHW
    • 103147
710 -Hasło dodatkowe - nazwa ciała zbiorowego [2, ]
    • a
    • Nazwa ciała zbiorowego lub nazwa geograficzna jako pierwszy element (NP)
    • Frank & Timme für Wissenschaftliche Literatur.
    • e
    • Rodzaj współpracy
    • Wydawca
    • 4
    • Kod relacji
    • pbl
    • 9
    • KHW
    • 461728
920 -ISBN [ , ]
    • a
    • ISBN
    • 978-3-7329-1197-4 ; (miękka okładka) Find
920 -ISBN [ , ]
    • a
    • ISBN
    • 978-3-7329-8718-4 ; (E-Book) Find
Lokalizacja Data inwentaryzacji Numer inwentarzowy Status udost. Sygnatura
BM2025-12-17G.220641GERM. Literaturoznawstwo 43